Online
Catalog

Manual de conducción y seguridad vial : (Record no. 51029)

MARC details
000 -CABECERA
campo de control de longitud fija 01856nam a22003257a 4500
003 - IDENTIFICADOR DEL NÚMERO DE CONTROL
campo de control DO-SdBNP
005 - FECHA Y HORA DE LA ÚLTIMA TRANSACCIÓN
campo de control 20211126122402.0
007 - CAMPO FIJO DE DESCRIPCIÓN FÍSICA--INFORMACIÓN GENERAL
campo de control de longitud fija ta
008 - DATOS DE LONGITUD FIJA--INFORMACIÓN GENERAL
campo de control de longitud fija 211124b2019 a|||e |||| 00| 0 spa d
020 ## - NÚMERO INTERNACIONAL ESTÁNDAR DEL LIBRO
Condiciones de disponibilidad (En trámite)
040 ## - FUENTE DE LA CATALOGACIÓN
Centro catalogador/agencia de origen DO-SdBNP
Lengua de catalogación spa
Centro/agencia transcriptor BNPHU
082 4# - NÚMERO DE LA CLASIFICACIÓN DECIMAL DEWEY
Número de edición 22
Número de clasificación 343.0946
Número de documento/Ítem I5974
110 10 - ENTRADA PRINCIPAL--NOMBRE DE ENTIDAD CORPORATIVA
Nombre de entidad corporativa o nombre de jurisdicción como elemento de entrada Instituto Universitario de Tráfico y Seguridad Vial de la Universidad de Valencia (INTRAS)
9 (RLIN) 80722
245 1# - MENCIÓN DE TÍTULO
Título Manual de conducción y seguridad vial :
Resto del título licencia categoría 01. conocimientos específicos para la conducción de vehículos de motor de dos y tres ruedas /
Mención de responsabilidad, etc. (INTRAS)
260 ## - PUBLICACIÓN, DISTRIBUCIÓN, ETC.
Lugar de publicación, distribución, etc. [Santo Domingo] :
Nombre del editor, distribuidor, etc. INTRANT,
Fecha de publicación, distribución, etc. 2019.
300 ## - DESCRIPCIÓN FÍSICA
Extensión 87 p. :
Otras características físicas il. ;
Dimensiones 21 cm
505 ## - NOTA DE CONTENIDO CON FORMATO
Nota de contenido con formato Parte1 . Requisitos para la conducción de vehículos de motor de dos y tres ruedas.
Título 1.1 Requisitos previos --
-- 1.2. Vehículos que autoriza a conducir las categorías 01a y 01b de licencias para la conducción --
-- 1.3. La licencia de conducir de categoría 01a y 01b --
505 ## - NOTA DE CONTENIDO CON FORMATO
Nota de contenido con formato Parte 2. El vehículo.
Título 2.1. Componentes del vehículo --
-- 2.2. El puesto de conducción --
-- 2.3. La conducción --
505 ## - NOTA DE CONTENIDO CON FORMATO
Nota de contenido con formato Parte 3. Reglas de conducción específicas : infracciones y sanciones.
Título 3.1. Alcoholemia --
-- 3.2. Circulación --
-- 3.3. Sistemas de seguridad --
-- 3.4. Especificaciones del trasnporte de pasajeros --
-- 3.5. Especificaciones del transporte de carga --
590 ## - NOTA LOCAL (RLIN)
Nota local Inventariado. 2021 / SA
650 40 - PUNTO DE ACCESO ADICIONAL DE MATERIA--TÉRMINO DE MATERIA
9 (RLIN) 77293
Término de materia o nombre geográfico como elemento de entrada Conducción de automóviles
Subdivisión de forma Manuales
650 40 - PUNTO DE ACCESO ADICIONAL DE MATERIA--TÉRMINO DE MATERIA
Término de materia o nombre geográfico como elemento de entrada Conducción
Subdivisión general Vehículos de motor
9 (RLIN) 80757
650 40 - PUNTO DE ACCESO ADICIONAL DE MATERIA--TÉRMINO DE MATERIA
9 (RLIN) 77294
Término de materia o nombre geográfico como elemento de entrada Señales de tránsito
Subdivisión de forma Manuales
650 40 - PUNTO DE ACCESO ADICIONAL DE MATERIA--TÉRMINO DE MATERIA
9 (RLIN) 80740
Término de materia o nombre geográfico como elemento de entrada Seguridad vial
Subdivisión general Enseñanza
650 40 - PUNTO DE ACCESO ADICIONAL DE MATERIA--TÉRMINO DE MATERIA
9 (RLIN) 77295
Término de materia o nombre geográfico como elemento de entrada Reglamentos de tránsito
Subdivisión geográfica República Dominicana
650 40 - PUNTO DE ACCESO ADICIONAL DE MATERIA--TÉRMINO DE MATERIA
9 (RLIN) 77293
Término de materia o nombre geográfico como elemento de entrada Conducción de automóviles
Subdivisión de forma Manuales
700 ## - PUNTO DE ACCESO ADICIONAL--NOMBRE DE PERSONA
9 (RLIN) 66541
Nombre de persona Suárez, Jorge
Término indicativo de función/relación Colaborador
910 ## - DATOS DE OPCIÓN DEL USUARIO (OCLC)
Datos de opción del usuario Saquino
942 ## - ELEMENTOS DE PUNTO DE ACCESO ADICIONAL (KOHA)
Fuente del sistema de clasificación o colocación Dewey Decimal Classification
Tipo de ítem Koha Libro
Holdings
Estado de retiro Estado de pérdida Fuente del sistema de clasificación o colocación Restricciones de uso No para préstamo Código de colección Localización permanente Ubicación/localización actual Ubicación en estantería Fecha de adquisición Fuente de adquisición Total de préstamos Signatura topográfica completa Código de barras Fecha visto por última vez Precio válido a partir de Tipo de ítem Koha Nota pública Número de copia
    Dewey Decimal Classification Excluido de préstamo   Monografías: Libros y Folletos Biblioteca Nacional Pedro Henríquez Ureña Patrimonio Dominicano En catalogación 20.01.2020 Deposito Legal   BNPHU PD 343.0946 I597m 2021-28308 24.11.2021 24.11.2021 Libro SA  
    Dewey Decimal Classification Excluido de préstamo   Monografías: Libros y Folletos Biblioteca Nacional Pedro Henríquez Ureña Patrimonio Dominicano En catalogación 20.01.2020 Depósito Legal   BNPHU PD 343.0946 I597m 2021-28309 24.11.2021 24.11.2021 Libro S/A e.2
    Dewey Decimal Classification   Préstamo en sala Monografías: Libros y Folletos Biblioteca Nacional Pedro Henríquez Ureña Patrimonio Dominicano En catalogación 20.01.2020 Deposito Legal   BNPHU DS 343.0946 I597m 2021-28310 24.11.2021 24.11.2021 Libro S/A e.3

Powered by Koha